| 000 | 00904nac a22002411u 4500 | ||
|---|---|---|---|
| 010 | _a 92037810 | ||
| 020 | _a0415021561 : | ||
| 082 | 0 | 0 |
_a338.6042095 _bGRA |
| 090 |
_c8530 _d8530 |
||
| 100 | _aGradus, Y., | ||
| 245 | 1 | 4 |
_aThe industrial geography of Israel / _cYehuda Gradus, Eran Razin and Shaul Krakover. |
| 260 |
_aLondon ; _aNew York : _bRoutledge,1993 _c1993. |
||
| 300 |
_axiv, 255 p. : _bill., maps ; _c22 cm. |
||
| 500 | _aDistributer: Al-Ahram | ||
| 504 | _aIncludes bibliographical references (p. 235-250) and index. | ||
| 511 | _aCatalogued by: Sara | ||
| 650 | 0 |
_aIndustrial location _zIsrael. |
|
| 650 | 0 |
_aIndustrial policy _zIsrael. |
|
| 700 | 1 | _aRazin, Eran. | |
| 700 | 1 |
_aKrakover, Shaul, _d1947- |
|
| 856 | 4 | 2 |
_3Publisher description _uhttp://www.loc.gov/catdir/enhancements/fy0648/92037810-d.html |
| 942 |
_cBB _k338.6042095GRA |
||
| 999 |
_c8530 _d8530 |
||